| Tag |
First Indicator |
Second Indicator |
Subfields |
| LEADER |
00000cgm a2200000Ma 4500 |
| 001 |
in00005533421 |
| 006 |
m o c |
| 007 |
vz |zazu| |
| 008 |
140206s1991 mau026 g o vueng d |
| 005 |
20241201225333.5 |
| 035 |
|
|
|a (OCoLC)ocn877880117
|
| 040 |
|
|
|a ALSTP
|b eng
|e pn
|c ALSTP
|d OCLCO
|d OCLCQ
|d OCLCF
|d U3G
|d COO
|d OCLCO
|d OCLCQ
|d CUS
|d OCLCQ
|d OCLCO
|d EZ9
|d SNN
|d WYU
|d YOU
|d OCLCQ
|d OCLCO
|d OCLCQ
|d OCLCL
|
| 019 |
|
|
|a 1058791880
|a 1085203669
|a 1259235551
|a 1373449389
|
| 035 |
|
|
|a (OCoLC)877880117
|z (OCoLC)1058791880
|z (OCoLC)1085203669
|z (OCoLC)1259235551
|z (OCoLC)1373449389
|
| 043 |
|
|
|a a-io---
|
| 050 |
|
4 |
|a GN303
|
| 082 |
0 |
4 |
|a 306.09598
|q OCoLC
|
| 049 |
|
|
|a TXAM
|
| 245 |
0 |
0 |
|a Horses of life and death /
|c written by Janet Hoskins, Laura Scheerer Whitney and Susan Hoskins ; directed by Janet Hoskins and Laura Scheerer Whitney ; produced by Janet Hoskins, Laura Scheerer Whitney, Documentary Educational Resources (DER) and Extension Media Center, University of California.
|
| 257 |
|
|
|a United States
|2 naf
|
| 260 |
|
|
|a Watertown, MA :
|b Documentary Educational Resources (DER),
|c 1991.
|
| 300 |
|
|
|a 1 online resource (26 min.)
|
| 306 |
|
|
|a 002629
|
| 336 |
|
|
|a two-dimensional moving image
|b tdi
|2 rdacontent
|
| 337 |
|
|
|a computer
|b c
|2 rdamedia
|
| 338 |
|
|
|a online resource
|b cr
|2 rdacarrier
|
| 344 |
|
|
|a digital
|b optical
|2 rda
|
| 347 |
|
|
|a video file
|2 rda
|
| 490 |
0 |
|
|a Ethnographic video online, volume 2
|
| 500 |
|
|
|a Title from resource description page (viewed Feb. 6, 2014).
|
| 518 |
|
|
|a Recorded in 1991 in Sumba, Indonesia.
|
| 520 |
|
|
|a The Pasola, a traditional jousting battle with hundreds of horses and riders, is the Sumbanese New Year celebration, and also a ritual that anticipates the rice harvest. It is staged to welcome the annual swarming of sea worms on the western beaches, since the worms are seen as representing the spirit of the rice crop. The spirit of the fertility of the seas and the land comes from the body of a sacrificed girl, and her return each year is celebrated with a dramatic display of masculine virility, courage, and horsemanship.
|
| 546 |
|
|
|a This edition in English and Indonesian with English subtitles.
|
| 650 |
|
0 |
|a Sumbanese (Indonesian people)
|
| 650 |
|
0 |
|a Horses.
|
| 650 |
|
0 |
|a Horses
|z Indonesia
|z Sumba Island.
|
| 650 |
|
0 |
|a Manners and customs.
|
| 651 |
|
0 |
|a Sumba Island (Indonesia)
|
| 651 |
|
0 |
|a Sumba Island (Indonesia)
|x Social life and customs.
|
| 650 |
|
6 |
|a Sumbanais (Peuple d'Indonésie)
|
| 650 |
|
6 |
|a Chevaux.
|
| 650 |
|
6 |
|a Chevaux
|z Indonésie
|z Sumba.
|
| 650 |
|
6 |
|a Mœurs et coutumes.
|
| 651 |
|
6 |
|a Sumba (Indonésie)
|
| 651 |
|
6 |
|a Sumba (Indonésie)
|x Mœurs et coutumes.
|
| 650 |
|
7 |
|a Horses.
|2 fast
|0 (OCoLC)fst00960603
|
| 650 |
|
7 |
|a Manners and customs.
|2 fast
|0 (OCoLC)fst01007815
|
| 650 |
|
7 |
|a Sumbanese (Indonesian people)
|2 fast
|0 (OCoLC)fst01138446
|
| 651 |
|
7 |
|a Indonesia
|z Sumba Island.
|2 fast
|0 (OCoLC)fst01245955
|1 https://id.oclc.org/worldcat/entity/E39PBJbtmTxMybPtvR6k8FxCcP
|
| 655 |
|
7 |
|a Documentary films.
|2 fast
|0 (OCoLC)fst01710390
|
| 655 |
|
7 |
|a Nonfiction films.
|2 fast
|0 (OCoLC)fst01710269
|
| 655 |
|
7 |
|a Documentary films.
|2 lcgft
|
| 655 |
|
7 |
|a Nonfiction films.
|2 lcgft
|
| 655 |
|
7 |
|a Documentaires.
|2 rvmgf
|
| 655 |
|
7 |
|a Films autres que de fiction.
|2 rvmgf
|
| 700 |
1 |
|
|a Hoskins, Janet,
|e film director,
|e film producer,
|e screenwriter.
|4 aus
|4 drt
|4 pro
|
| 700 |
1 |
|
|a Whitney, Laura Scheerer,
|e film director,
|e film producer,
|e screenwriter,
|e narrator.
|4 aus
|4 drt
|4 nrt
|4 pro
|
| 700 |
1 |
|
|a Hoskins, Susan,
|e screenwriter.
|4 aus
|
| 710 |
2 |
|
|a Documentary Educational Resources (Firm),
|e publisher.
|4 pro
|
| 710 |
2 |
|
|a University of California (System).
|b Extension Media Center,
|e production company.
|4 pro
|
| 758 |
|
|
|i has work:
|a Horses of life and death (MovingImage)
|1 https://id.oclc.org/worldcat/entity/E39PCG3WcpVqcY8VvkphJ9dfFX
|4 https://id.oclc.org/worldcat/ontology/hasWork
|
| 856 |
4 |
0 |
|u http://proxy.library.tamu.edu/login?url=https://www.aspresolver.com/aspresolver.asp?ANTH;2068105
|z Connect to this streaming video (Alexander Street Press)
|t 0
|
| 955 |
|
|
|a Alexander Street Press subscription streaming video
|
| 994 |
|
|
|a 92
|b TXA
|
| 999 |
f |
f |
|s 50fba44d-fc68-4b79-9f37-deea615cee6e
|i f977f76a-cedb-482a-b11f-44970d9006a9
|t 0
|
| 952 |
f |
f |
|a Texas A&M University
|b College Station
|c Electronic Resources
|d Available Online
|t 0
|e GN303
|h Library of Congress classification
|
| 998 |
f |
f |
|a GN303
|t 0
|l Available Online
|